| 000 | 00620nam a2200193Ia 4500 | ||
|---|---|---|---|
| 003 | GCL | ||
| 008 | 140319s9999 xx 000 0 ara d | ||
| 040 |
_aGCL / _cGCL |
||
| 082 | 0 | 4 |
_a811.5 _bع ج |
| 100 | 1 | _aعائشة عبدالرحمن | |
| 245 | 1 | 0 |
_aجديد فى رسالة الغفران: نص مسرحى من القرن الخامس الهجرى / _cعائشة عبدالرحمن |
| 300 | _a231 ص | ||
| 490 | _a | ||
| 650 | 0 | 4 | _aالادب العربى |
| 650 | 0 | 4 | _aابوالعلاء المعرى |
| 650 | 0 | 4 | _aالمسرحيات العربية |
| 650 | 0 | 4 | _aرسالة الغفران |
| 942 |
_2ddc _cBK |
||
| 999 |
_c39006 _d39006 |
||